000 00578nam a2200217Ia 4500
003 OSt
005 20220928140519.0
006 a|||||r|||| 00| 0
007 ta
008 220927b |||||||| |||| 00| 0 eng d
024 _a9128
037 _cTextual
040 _aSDCL
_cSDCL
_beng
041 _2eng
_aeng
082 _aO-,3;g, M1
100 _aMiller D A
_9393212
245 0 _aNarrative and its discontents
_b problems of closure in the traditional novel.
260 _c1981
942 _hO-,3;g, M1
_cTEXL
_2CC
999 _c811876
_d811876